| 000 | 00461nam a2200157Ia 4500 | ||
|---|---|---|---|
| 008 | 160316s1990 xxu||||| |||| 00| 0 eng d | ||
| 082 |
_a901.000000 _bPOM |
||
| 100 | _aPompa Leon | ||
| 245 | _aHuman nature and historical knowledge : Hume, Hegel and Vico | ||
| 250 | _a | ||
| 260 |
_aCambridge _bCambridge University Press _c1990 |
||
| 300 |
_a234p _b _c |
||
| 365 | _bRs.490/28 | ||
| 650 | _a1.History - Philosophy 2.Philosophical Anthropology | ||
| 700 |
_a _a |
||
| 999 |
_c12669 _d12669 |
||